| 000 | 00721nac a22001931u 4500 | ||
|---|---|---|---|
| 010 | _a2003052070 | ||
| 020 | _a8178081709 | ||
| 082 | 0 | 0 |
_a621.382 _bS3344 |
| 090 |
_c937 _d937 |
||
| 100 | _aSchiller, Jochen H. | ||
| 245 | 1 | 0 |
_aMobile communications / _cJochen H. Schiller. |
| 260 |
_aNew Delhi : _bPearson Education, _c2003. |
||
| 300 |
_a394 p. : _bill. ; _c24 cm. |
||
| 504 | _aIncludes bibliographical references and index. | ||
| 650 | 0 | _aMobile communication systems. | |
| 650 | 0 | _aWireless communication systems. | |
| 942 |
_cBB _k621.382S3344 |
||
| 999 |
_c937 _d937 |
||